Banner

Código de Comercio / (Record no. 1690)

MARC details
000 -LEADER
campo de control de longitud fija 01090nam a22003017a 4500
003 - IDENTIFICADOR DE NÚMERO DE CONTROL
campo de control CoMeUDC
005 - FECHA Y HORA DE LA ÚLTIMA TRANSACCIÓN
campo de control 20230427153048.0
008 - DATOS DE LONGITUD FIJA--INFORMACIÓN GENERAL
campo de control de longitud fija 230427b ||||| |||| 00| 0 eng d
020 ## - NÚMERO INTERNACIONAL ESTÁNDAR DEL LIBRO
Número Internacional Estándar del Libro 9789587971798
020 ## - NÚMERO INTERNACIONAL ESTÁNDAR DEL LIBRO
Número Internacional Estándar del Libro 9789587971804
040 ## - FUENTE DE CATALOGACIÓN
Centro/agencia transcriptor CO-UdeC
Centro/agencia modificador CO-UdeC
Normas de descripción AARC
-- ISBD
082 ## - NÚMERO DE LA CLASIFICACIÓN DECIMAL DEWEY
Número de clasificación 347.9
Número de ítem C718
110 ## - ENTRADA PRINCIPAL--NOMBRE DE ENTIDAD CORPORATIVA
9 (RLIN) 1628
Nombre de entidad corporativa o nombre de jurisdicción como elemento de entrada Colombia
245 ## - MENCIÓN DEL TÍTULO
Título Código de Comercio /
Mención de responsabilidad, etc. Colombia, Legis.
250 ## - MENCION DE EDICION
Mención de edición 45 edición.
260 ## - PUBLICACIÓN, DISTRIBUCIÓN, ETC.
Lugar de publicación, distribución, etc. Bogotá :
Nombre del editor, distribuidor, etc. Legis,
Fecha de publicación, distribución, etc. 2021.
300 ## - DESCRIPCIÓN FÍSICA
Extensión 908 p. ;
Dimensiones 24 cm.
490 ## - MENCIÓN DE SERIE
Mención de serie Colección Códigos Básicos
505 ## - NOTA DE CONTENIDO CON FORMATO
Nota de contenido con formato De los comerciantes y de los asuntos de comercio -- De las sociedades comerciales -- De los bienes mercantiles -- De los contratos y obligaciones mercantiles -- De la navegación -- Procedimientos.
546 ## - NOTA DE IDIOMA
Nota de lengua/lenguaje Español.
650 #0 - PUNTO DE ACCESO ADICIONAL DE MATERIA--TÉRMINO DE MATERIA
9 (RLIN) 197
Término de materia o nombre geográfico como elemento de entrada Derecho comercial
Subdivisión geográfica Colombia.
650 #0 - PUNTO DE ACCESO ADICIONAL DE MATERIA--TÉRMINO DE MATERIA
9 (RLIN) 2336
Término de materia o nombre geográfico como elemento de entrada Sociedades comerciales
Subdivisión geográfica Colombia.
650 #0 - PUNTO DE ACCESO ADICIONAL DE MATERIA--TÉRMINO DE MATERIA
9 (RLIN) 1935
Término de materia o nombre geográfico como elemento de entrada Código de comercio
Subdivisión geográfica Colombia.
650 #0 - PUNTO DE ACCESO ADICIONAL DE MATERIA--TÉRMINO DE MATERIA
9 (RLIN) 2337
Término de materia o nombre geográfico como elemento de entrada Regulación del comercio
Subdivisión geográfica Colombia.
650 #0 - PUNTO DE ACCESO ADICIONAL DE MATERIA--TÉRMINO DE MATERIA
9 (RLIN) 2114
Término de materia o nombre geográfico como elemento de entrada Contratos comerciales
Subdivisión geográfica Colombia.
710 ## - ENTRADA AGREGADA--NOMBRE DE ENTIDAD CORPORATIVA
9 (RLIN) 216
Nombre de entidad corporativa o nombre de jurisdicción como elemento de entrada LEGIS
942 ## - ELEMENTOS DE ENTRADA SECUNDARIOS (KOHA)
Fuente del sistema de clasificación o colocación Clasificación Decimal Dewey
Tipo de ítem Koha Libros
Holdings
Estatus retirado Estado de pérdida Fuente del sistema de clasificación o colocación Estado de daño No para préstamo Biblioteca de origen Biblioteca actual Fecha de adquisición Fuente de adquisición Total de préstamos Total de renovaciones Signatura topográfica completa Código de barras Fecha de vencimiento Visto por última vez Fecha del último préstamo Copia número Precio de reemplazo Tipo de ítem Koha
    Clasificación Decimal Dewey     U DE COLOMBIA - Biblioteca U DE COLOMBIA - Biblioteca 27/04/2023 compra 2021. 49 35 347.9 C718 45 ed. Ej. 1 100411 26/03/2026 03/03/2026 03/03/2026 1 27/04/2023 Libros
    Clasificación Decimal Dewey     U DE COLOMBIA - Biblioteca U DE COLOMBIA - Biblioteca 27/04/2023 compra 2021. 39 4 347.9 C718 45 ed. Ej. 2 100412   04/03/2026 24/11/2025 2 27/04/2023 Libros


Biblioteca Académica Corporación Universitaria U DE COLOMBIA | Teléfono: +(57) (4) 2398080 ext. 1112 | E-mail: biblioteca@udecolombia.edu.co | Dirección: Calle 56 Nº 41 – 147 (Bolivia con Girardot)
Horario de atención: lunes a viernes 8:00 a.m. a 8:00 p.m. - sábados 8:00 a.m. a 4:00 p.m.
Implementado por Grupo EGS.

Powered by Koha